• 首页
  • 本馆介绍
  • 公告通知
  • 最新文献
  • 馆藏检索
  • 电子资源
  • 读者导购
  • 参考咨询
  • 我的图书馆
  • 登录
  • 详细信息显示
  • 放入我的书架
  • 预约/预借图书
  • 作者相关作品
  • 分类相关作品
  • 丛书相关作品
  • 出版社相关作品

书目信息

  • 表格格式
  • 工作单格式
  • 卡片格式
题名:
罗马法
    
 
作者: 丘汉平 著 ;朱俊 勘校
分册:  
出版信息: 北京   中国方正出版社  2004
页数: 457页
开本: 21cm
丛书名: 华东政法学院珍藏民国法律名著丛书
单 册:
中图分类: D904.1
科图分类:
主题词: 罗马法--研究
电子资源:
ISBN: 7-80107-890-X
000 01139nam0 2200337 450
000 01102nam0 2200325 450
000 01100nam0 2200337 450
000 01046nam0 2200313 450
000 01064nam0 2200301 450
000 01027nam0 2200289 45
001 TS-133146
005 20061226172712.06
010    @a7-80107-890-X@dCNY28.00
100    @a20060829d2004 em y0chiy0110 ea
101 0  @achi
102    @aCN@b110000
105    @ay z 000yy
200 1  @a罗马法@ALuo Ma Fa@f丘汉平著@FQiu Han Ping Zhu@g朱俊勘校
210    @a北京@c中国方正出版社@d2004
215    @a457页@d21cm
225 2  @a华东政法学院珍藏民国法律名著丛书
330    @a本书内容包括研究罗马法之理由、罗马法之分期、罗马法近代化之演进,以及本论的人法、物法、诉讼法等。
410  0 @12001 @a华东政法学院珍藏民国法律名著丛书
606 0  @a罗马法@x研究
690    @aD904.1@v4
701  0 @a丘汉平@AQiu Han Ping@f(1904~1990)@4著
702  0 @a朱俊@AZhu Jun@c(法律)@4勘校
801  0 @aCN@b中图数据@c20061226
905    @a10447@dD904.1@e307
    
    罗马法/丘汉平著/朱俊勘校.-北京:中国方正出版社,2004
    457页;21cm.-(华东政法学院珍藏民国法律名著丛书)
    
    
    ISBN 7-80107-890-X:CNY28.00
    本书内容包括研究罗马法之理由、罗马法之分期、罗马法近代化之演进,以及本论的人法、物法、诉讼法等。
●
相关链接 在E读中查询图书 在五车中查询图书 在当当中查询图书 在豆瓣中查询图书


正题名:罗马法     索取号:D904.1/307         预约/预借

序号 登录号 条形码 馆藏地/架位号 状态 备注
1 0609078   206090781   第一样本阅览室/ [索取号:D904.1/307] 在馆    
2 0609079   206090790   第一借阅区/ [索取号:D904.1/307] 在馆    
3 0609080   206090807   第一借阅区/ [索取号:D904.1/307] 在馆    
4 0609081   206090816   第一借阅区/ [索取号:D904.1/307] 在馆    
5 0609082   206090825   第一借阅区/ [索取号:D904.1/307] 在馆    
唐山师范学院图书馆 欢迎您!
大连网信软件有限公司© 版权所有